000 00258nam a2200109Ia 4500
008 190216s9999||||xx |||||||||||||| ||und||
100 _aKuttikrishna Marar
245 0 _aPathinanjupanyasam
260 _bNbs Kottayam
650 _aEssay Malayalam
942 _cBK
999 _c24806
_d24806